Top 50 biggest Cities in Sweden - 1 minute sprint - Statistics

General Stats
  • This quiz has been taken 9 times
  • The average score is 13 of 50
Answer Stats
Answer Population % Correct
Stockholm 1,253,309
100%
Göteborg 504,084
89%
Malmö 261,548
89%
Uppsala 127,734
89%
Umeå 74,005
78%
Örebro 98,573
67%
Linköping 96,732
56%
Luleå 45,551
56%
Lund 76,263
56%
Norrköping 82,903
56%
Västerås 107,194
56%
Helsingborg 91,025
44%
Jönköping 83,202
44%
Karlstad 59,266
44%
Växjö 59,600
44%
Gävle 68,635
33%
Skellefteå 30,839
33%
Sundsvall 48,463
33%
Borås 63,223
22%
Borlänge 39,422
22%
Eskilstuna 59,016
22%
Halmstad 55,657
22%
Kalmar 34,744
22%
Sollentuna 58,897
22%
Falun 36,477
11%
Haninge 74,968
11%
Huddinge 90,182
11%
Kristianstad 32,188
11%
Landskrona 27,889
11%
Nyköping 27,582
11%
Östersund 42,940
11%
Skövde 33,119
11%
Södertälje 60,279
11%
Solna 66,909
11%
Täby 58,123
11%
Upplands Väsby 36,534
11%
Bromma 61,000
0%
Karlskrona 32,309
0%
Kista 120,000
0%
Lidingö 43,000
0%
Majorna 29,254
0%
Mölndal 59,430
0%
Motala 29,715
0%
Örnsköldsvik 27,749
0%
Östermalm 36,418
0%
Partille 28,648
0%
Sundbyberg 34,529
0%
Trollhättan 44,522
0%
Tumba 35,780
0%
Uddevalla 30,282
0%
No matching quizzes found
Score Distribution
Percent of People with Each Score
Percentile by Number Answered
Your Score History
You have not taken this quiz